| 000 | 00623nam a2200205 a 4500 | ||
|---|---|---|---|
| 001 | 000024192 | ||
| 005 | 20200930022809.0 | ||
| 008 | 110120s1952 ag r 001 0 spa d | ||
| 040 |
_aDO-SdBNP _bspa _cBNPHU |
||
| 082 |
_axxxxx _bM688t |
||
| 100 | 1 |
_aMocho, Fray _949689 |
|
| 245 | 1 | 0 |
_aTierra de matreros / _cFray Mocho , J. S. Álvarez. |
| 260 |
_aBuenos Aires, Argentina : _bEspasa Calpe, _c1952. |
||
| 300 |
_a146 p. ; _c18 cm. |
||
| 490 | 1 |
_aAustral. Anaranjada ; _v1103 |
|
| 500 | _aIncluye índice de autores. | ||
| 700 | 1 |
_aÁlvarez, J. S. _949690 |
|
| 830 | 0 |
_aAustral. Anaranjada ; _n1103 _949691 |
|
| 049 | _aBNGR | ||
| 999 |
_c23686 _d23686 |
||